00408nam a2200181Ia 4500008004100000020001800041050001600059100001800075245001800093245002100111260001500132260001600147260000900163300001600172300002000188300001000208500000800218170918s9999 xx 000 0 und d a9780545458313 bW187sp 2010 aWallace, Rich aSports camp / cby Rich Wallace. aNew York : bScholastic, c2010 a149 pages : billustrations : c19cm. a730